banner-ar

الاثار العراقية : محو ذاكرة امة تاريخيا : (Record no. 66686)

MARC details
000 -الفاتح
حقل البيانات ثابتة الطول 00877nam a2200229 4500
005 - وقت وتاريخ اخر تعامل مع التسجيلة
رقم الضبط 20240530110933.0
008 - عناصر البيانات ثابتة الطول - معلومات عامة
حقل البيانات ثابتة الطول 220911s2006 ab g 000 0 ara d
017 ## - رقم الايداع القانونى
المصدر ( الهيئة المختصة) مصر. دار الكتب
رقم الايداع القانونى 2005/23970
020 ## - الرقم الدولى المعيارى للكتب
الرقم الدولى المعيارى للكتاب 9773561895
040 ## - مصدر الفهرسة
وكالة الفهرسة الأصلية EG-CaGPL
وكالة النسخ EG-CaGPL
082 ## - رقم تصنيف ديوى العشرى
رقم الطبعة 21
رقم التصنيف 915.67\
رقم المادة أ أ
100 0# - المدخل الرئيسى - إسم شخصى
الإسم الشخصى اسامة الجوهرى
245 12 - بيان العنوان
العنوان الاثار العراقية : محو ذاكرة امة تاريخيا :
بقية العنوان اكبر كارثة ثقافية منذ اكثر من خمسة قرون /
بيان المسئوليه,etc اسامة الجوهرى
250 ## - بيان الطبعة
بيان الطبعة ط.1
260 ## - PUBLICATION, DISTRIBUTION, ETC. (IMPRINT)
تاريخ النشر أو التوزيع 2006
300 ## - الوصف المادى
التعداد 252 ص. ؛
أبعاد الوعاء 24 سم.
651 07 - المدخل الاضافى بالموضوع - اسم جغرافى
مصدر الرأس أو المصطلح qrmak
الاسم الجغرافي العراق
التقسيم الفرعي العام اثار
651 07 - المدخل الاضافى بالموضوع - اسم جغرافى
الاسم الجغرافي العراق
التقسيم الفرعي العام تاريخ
651 07 - المدخل الاضافى بالموضوع - اسم جغرافى
الاسم الجغرافي العراق
التقسيم الفرعي العام متاحف
-- سرقة
942 ## - عناصر المدخل الإضافي( كوها)
مصدر التصنيف او مخطط الترفيف Dewey Decimal Classification
Koha [default] item type كتاب
260 ## - PUBLICATION, DISTRIBUTION, ETC. (IMPRINT)
-- القاهرة :
-- هلا للنشر والتوزيع،
Holdings
حالة التراجع حالة الفقد حالة تلف ليس للاعارة المكان المؤقت الموقع الحالى موقع الترفيف تاريخ الاكتساب اجمالي اﻻعارات رقم الطلب الباركود تاريخ اخر مشاهدة تاريخ تفعيل السعر نوع وعاء كوها
        مكتبة القاهرة الكبرى مكتبة القاهرة الكبرى ق الرئيسية_التاريخ والجغرافيا_ك عربى 09/13/2022   915.67\ أ أ 168458 09/13/2022 09/13/2022 كتاب

Powered By

EGPV